<?xml version="1.0" encoding="UTF-8"?>
<record
    xmlns:xsi="http://www.w3.org/2001/XMLSchema-instance"
    xsi:schemaLocation="http://www.loc.gov/MARC21/slim http://www.loc.gov/standards/marcxml/schema/MARC21slim.xsd"
    xmlns="http://www.loc.gov/MARC21/slim">

  <leader>01478nam a22002057a 4500</leader>
  <controlfield tag="005">20260618110257.0</controlfield>
  <controlfield tag="008">260618b        |||||||| |||| 00| 0 spa d</controlfield>
  <datafield tag="020" ind1=" " ind2=" ">
    <subfield code="a">3117-2830</subfield>
  </datafield>
  <datafield tag="040" ind1=" " ind2=" ">
    <subfield code="a">Instituto Dominicano de Evaluaci&#xF3;n e Investigaci&#xF3;n de la Calidad Educativa , IDEICE</subfield>
    <subfield code="c">IDEICE</subfield>
    <subfield code="e">RDA</subfield>
  </datafield>
  <datafield tag="082" ind1=" " ind2=" ">
    <subfield code="a">Ideice 370.72 I59i 2022</subfield>
  </datafield>
  <datafield tag="110" ind1=" " ind2=" ">
    <subfield code="a">Instituto Dominicano de Evaluaci&#xF3;n e Investigaci&#xF3;n de la Calidad Educativa , IDEICE</subfield>
  </datafield>
  <datafield tag="245" ind1=" " ind2=" ">
    <subfield code="a">Informe programa Conoce tu Regional Investigando, primera cohorte a&#xF1;o 2022</subfield>
  </datafield>
  <datafield tag="260" ind1=" " ind2=" ">
    <subfield code="a">Santo Domingo, Rep&#xFA;blica Dominicana</subfield>
    <subfield code="c">2026</subfield>
  </datafield>
  <datafield tag="300" ind1=" " ind2=" ">
    <subfield code="c">268p.</subfield>
  </datafield>
  <datafield tag="505" ind1=" " ind2=" ">
    <subfield code="a">El Informe de la Primera Cohorte 2022 del programa &#x201C;Conoce tu Regional Investigando&#x201D; evidencia el compromiso con el fortalecimiento de la cultura de investigaci&#xF3;n y evaluaci&#xF3;n en el sistema educativo dominicano. Esta iniciativa tuvo como prop&#xF3;sito promover la reflexi&#xF3;n cr&#xED;tica sobre la pr&#xE1;ctica educativa, incentivar la generaci&#xF3;n de conocimiento desde los contextos regionales y aportar evidencias para la toma de decisiones orientadas a la mejora de la calidad educativa.
</subfield>
  </datafield>
  <datafield tag="650" ind1=" " ind2=" ">
    <subfield code="a">Investigaci&#xF3;n Educativa--Rep&#xFA;blica Dominicana; Habilidades parentales, Orientaci&#xF3;n educativa; Relaciones familiares; Acompa&#xF1;amiento socioemocional del estudiante.</subfield>
  </datafield>
  <datafield tag="710" ind1=" " ind2=" ">
    <subfield code="a">IDEICE</subfield>
  </datafield>
  <datafield tag="856" ind1=" " ind2=" ">
    <subfield code="u">https://ideice.gob.do/documentacion/publicaciones-id-238-informe-programa-conoce-tu-regional-investigando-primera-cohorte-ano-2022</subfield>
  </datafield>
  <datafield tag="942" ind1=" " ind2=" ">
    <subfield code="2">ddc</subfield>
    <subfield code="c">LIB</subfield>
    <subfield code="n">0</subfield>
  </datafield>
  <datafield tag="999" ind1=" " ind2=" ">
    <subfield code="c">14662</subfield>
    <subfield code="d">14662</subfield>
  </datafield>
  <datafield tag="952" ind1=" " ind2=" ">
    <subfield code="0">0</subfield>
    <subfield code="1">0</subfield>
    <subfield code="2">ddc</subfield>
    <subfield code="4">0</subfield>
    <subfield code="7">0</subfield>
    <subfield code="a">RI</subfield>
    <subfield code="b">RI</subfield>
    <subfield code="d">2026-06-18</subfield>
    <subfield code="l">0</subfield>
    <subfield code="r">2026-06-18 11:01:04</subfield>
    <subfield code="u">https://ideice.gob.do/documentacion/publicaciones-id-238-informe-programa-conoce-tu-regional-investigando-primera-cohorte-ano-2022</subfield>
    <subfield code="w">2026-06-18</subfield>
    <subfield code="y">LIB</subfield>
  </datafield>
</record>
